全日本フィギュアスケート選手権 女子シングル 歴代王者 - Statistics

General Stats
  • This quiz has been taken 22 times
  • The average score is 18 of 27
Answer Stats
選手名 % Correct
06/07 浅田真央
100%
07/08 浅田真央
100%
08/09 浅田真央
100%
09/10 浅田真央
100%
11/12 浅田真央
100%
12/13 浅田真央
100%
18/19 坂本花織
83%
21/22 坂本花織
83%
22/23 坂本花織
83%
23/24 坂本花織
83%
24/25 坂本花織
83%
25/26 坂本花織
83%
19/20 紀平梨花
67%
20/21 紀平梨花
67%
03/04 安藤美姫
50%
04/05 安藤美姫
50%
10/11 安藤美姫
50%
14/15 宮原知子
50%
15/16 宮原知子
50%
16/17 宮原知子
50%
17/18 宮原知子
50%
13/14 鈴木明子
39%
00/01 村主章枝
33%
01/02 村主章枝
33%
02/03 村主章枝
33%
05/06 村主章枝
33%
99/00 椎名千里
11%
No matching quizzes found
Score Distribution
Percent of People with Each Score
Percentile by Number Answered
Your Score History
You have not taken this quiz